Normal view
MARC view
- Er. Steffy John (Co-guide)
Entry Personal Name
001 - CONTROL NUMBER
- control field: 3481
003 - CONTROL NUMBER IDENTIFIER
- control field: OSt
005 - DATE AND TIME OF LATEST TRANSACTION
- control field: 20180929150854.0
008 - FIXED-LENGTH DATA ELEMENTS
- fixed length control field: 180929|| aca||aabn | a|a d
040 ## - CATALOGING SOURCE
- Original cataloging agency: OSt
- Transcribing agency: OSt
100 ## - HEADING--PERSONAL NAME
- Personal name: Er. Steffy John (Co-guide)
670 ## - SOURCE DATA FOUND
- Source citation: Work cat.: (OSt)15100: DRISHYA MOHAN NITHYA C SUNENA T. P 3480, Standardization of process protocol for the production of banana pseudostem juice powder
